<?xml version='1.0' encoding='UTF-8'?>
  <record xmlns="http://www.loc.gov/MARC21/slim">
    <leader>00000cam a22000007i 4500</leader>
    <controlfield tag="001">ocm67856759</controlfield>
    <controlfield tag="003">OCoLC</controlfield>
    <controlfield tag="005">20260527212137.5</controlfield>
    <controlfield tag="008">990421s1590    ne            000 0 ger d</controlfield>
    <datafield tag="040" ind1=" " ind2=" ">
      <subfield code="a">NLGGC</subfield>
      <subfield code="b">eng</subfield>
      <subfield code="e">rda</subfield>
      <subfield code="e">dcrmr</subfield>
      <subfield code="c">NLGGC</subfield>
      <subfield code="d">QGJ</subfield>
      <subfield code="d">OCLCO</subfield>
      <subfield code="d">OCLCA</subfield>
      <subfield code="d">QGJ</subfield>
      <subfield code="d">OCLCL</subfield>
      <subfield code="d">QGJ</subfield>
      <subfield code="d">OCLCO</subfield>
    </datafield>
    <datafield tag="029" ind1="0" ind2=" ">
      <subfield code="a">NLGGC</subfield>
      <subfield code="b">182139441</subfield>
    </datafield>
    <datafield tag="035" ind1=" " ind2=" ">
      <subfield code="a">(OCoLC)67856759</subfield>
    </datafield>
    <datafield tag="041" ind1="1" ind2=" ">
      <subfield code="a">ger</subfield>
      <subfield code="h">fre</subfield>
    </datafield>
    <datafield tag="044" ind1=" " ind2=" ">
      <subfield code="a">ne</subfield>
      <subfield code="a">fr</subfield>
    </datafield>
    <datafield tag="100" ind1="1" ind2=" ">
      <subfield code="a">Arnauld, Antoine,</subfield>
      <subfield code="d">1560-1619,</subfield>
      <subfield code="e">author.</subfield>
      <subfield code="4">aut</subfield>
      <subfield code="1">https://id.oclc.org/worldcat/entity/E39PBJjHcywpwg3xF8FR7mqJDq</subfield>
    </datafield>
    <datafield tag="240" ind1="1" ind2="0">
      <subfield code="a">Antiespagnol, autrement les philippiques d' un Demosthenes françois touchant les menées &amp; ruses de Philippe, roi d' Espagne.</subfield>
      <subfield code="l">German</subfield>
    </datafield>
    <datafield tag="245" ind1="1" ind2="0">
      <subfield code="a">Antihispanus das ist Widerlegung Spannischer vnart, Angemasster der Kron Franckreich vnzeitigen beherrschung. :</subfield>
      <subfield code="b">Darinnen der Parisischen Gott anfeindenden Ligisten, vnnd zustimmenden Jesuwidern vntrew, Rebellion vnd wütender auffstand. sampt den Spannischen Trugverschlagenen Practicken entdeckt werden. /</subfield>
      <subfield code="c">Auss dem Frantzösischen Antiespagnol verdolmetschet.</subfield>
    </datafield>
    <datafield tag="246" ind1="3" ind2=" ">
      <subfield code="a">Antihispanvs</subfield>
    </datafield>
    <datafield tag="246" ind1="3" ind2=" ">
      <subfield code="a">Antihispanus das ist Widerlegung Spanischer unart, Angemasster der Kron Franckreich unzeitigen beherrschung</subfield>
    </datafield>
    <datafield tag="246" ind1="1" ind2="7">
      <subfield code="a">Widerlegung Spannischer Truguerschlagner Practicken</subfield>
    </datafield>
    <datafield tag="264" ind1=" " ind2="1">
      <subfield code="a">Getruckt zu Leyden. :</subfield>
      <subfield code="b">[Bernhard Jobin],</subfield>
      <subfield code="c">Anno 1590.</subfield>
    </datafield>
    <datafield tag="300" ind1=" " ind2=" ">
      <subfield code="a">[38] pages ;</subfield>
      <subfield code="c">21 cm (4to)</subfield>
    </datafield>
    <datafield tag="336" ind1=" " ind2=" ">
      <subfield code="a">text</subfield>
      <subfield code="b">txt</subfield>
      <subfield code="2">rdacontent</subfield>
    </datafield>
    <datafield tag="337" ind1=" " ind2=" ">
      <subfield code="a">unmediated</subfield>
      <subfield code="b">n</subfield>
      <subfield code="2">rdamedia</subfield>
    </datafield>
    <datafield tag="338" ind1=" " ind2=" ">
      <subfield code="a">volume</subfield>
      <subfield code="b">nc</subfield>
      <subfield code="2">rdacarrier</subfield>
    </datafield>
    <datafield tag="340" ind1=" " ind2=" ">
      <subfield code="m">4to</subfield>
      <subfield code="2">rdabf</subfield>
    </datafield>
    <datafield tag="500" ind1=" " ind2=" ">
      <subfield code="a">By Antoine Arnauld; translated by Johann Fischart (VD 16).</subfield>
    </datafield>
    <datafield tag="500" ind1=" " ind2=" ">
      <subfield code="a">Fictitious imprint; according to Someren and Meusebach printed in Strassburg by Bernhard Jobin.</subfield>
    </datafield>
    <datafield tag="500" ind1=" " ind2=" ">
      <subfield code="a">Signatures: A-E⁴ (E4 is blank).</subfield>
    </datafield>
    <datafield tag="500" ind1=" " ind2=" ">
      <subfield code="a">With an initial and a tail-piece.</subfield>
    </datafield>
    <datafield tag="510" ind1="4" ind2=" ">
      <subfield code="a">Meusebach, K.H.G von. Fischartstudien,</subfield>
      <subfield code="c">pages 173-174</subfield>
    </datafield>
    <datafield tag="510" ind1="4" ind2=" ">
      <subfield code="a">Rijksuniversiteit te Utrecht. Pamfletten niet voorkomende in afzonderlijk gedrukte catalogi der verzamelingen in andere openbare Nederlandsche bibliotheken,</subfield>
      <subfield code="c">150</subfield>
    </datafield>
    <datafield tag="510" ind1="4" ind2=" ">
      <subfield code="a">Verzeichnis der im deutschen Sprachbereich erschienenen Drucke des 16. Jahrhunderts (VD 16),</subfield>
      <subfield code="c">ZV 24656</subfield>
      <subfield code="u">https://gateway-bayern.de/VD16+ZV+24656</subfield>
    </datafield>
    <datafield tag="510" ind1="4" ind2=" ">
      <subfield code="a">Valkema Blouw, P. Typographia Batava, 1541-1600,</subfield>
      <subfield code="c">187</subfield>
    </datafield>
    <datafield tag="600" ind1="0" ind2="0">
      <subfield code="a">Philip</subfield>
      <subfield code="b">II,</subfield>
      <subfield code="c">King of Spain,</subfield>
      <subfield code="d">1527-1598.</subfield>
    </datafield>
    <datafield tag="651" ind1=" " ind2="0">
      <subfield code="a">France</subfield>
      <subfield code="x">History</subfield>
      <subfield code="y">Henry IV, 1589-1610.</subfield>
    </datafield>
    <datafield tag="651" ind1=" " ind2="0">
      <subfield code="a">Spain</subfield>
      <subfield code="x">Foreign relations</subfield>
      <subfield code="z">France.</subfield>
    </datafield>
    <datafield tag="651" ind1=" " ind2="0">
      <subfield code="a">France</subfield>
      <subfield code="x">Foreign relations</subfield>
      <subfield code="z">Spain.</subfield>
    </datafield>
    <datafield tag="651" ind1=" " ind2="0">
      <subfield code="a">France</subfield>
      <subfield code="x">Politics and government</subfield>
      <subfield code="y">1589-1610.</subfield>
    </datafield>
    <datafield tag="651" ind1=" " ind2="0">
      <subfield code="a">Spain</subfield>
      <subfield code="x">History</subfield>
      <subfield code="y">Philip II, 1556-1598.</subfield>
    </datafield>
    <datafield tag="651" ind1=" " ind2="6">
      <subfield code="a">France</subfield>
      <subfield code="x">Histoire</subfield>
      <subfield code="y">1589-1610 (Henri IV)</subfield>
    </datafield>
    <datafield tag="651" ind1=" " ind2="6">
      <subfield code="a">France</subfield>
      <subfield code="x">Relations extérieures</subfield>
      <subfield code="z">Espagne.</subfield>
    </datafield>
    <datafield tag="651" ind1=" " ind2="6">
      <subfield code="a">France</subfield>
      <subfield code="x">Politique et gouvernement</subfield>
      <subfield code="y">1589-1610.</subfield>
    </datafield>
    <datafield tag="651" ind1=" " ind2="6">
      <subfield code="a">Espagne</subfield>
      <subfield code="x">Histoire</subfield>
      <subfield code="y">1556-1598 (Philippe II)</subfield>
    </datafield>
    <datafield tag="700" ind1="1" ind2=" ">
      <subfield code="a">Fischart, Johann,</subfield>
      <subfield code="d">1546-1590,</subfield>
      <subfield code="e">translator.</subfield>
      <subfield code="4">trl</subfield>
      <subfield code="1">https://id.oclc.org/worldcat/entity/E39PBJpPGV4bHGcDKY7XgRFdwC</subfield>
    </datafield>
    <datafield tag="700" ind1="1" ind2=" ">
      <subfield code="a">Jobin, Bernhard,</subfield>
      <subfield code="d">approximately 1545-1593,</subfield>
      <subfield code="e">printer,</subfield>
      <subfield code="e">attributed name.</subfield>
      <subfield code="4">prt</subfield>
      <subfield code="4">att</subfield>
      <subfield code="1">https://id.oclc.org/worldcat/entity/E39PCjBCmDWpQ99R3PYp98GKtX</subfield>
    </datafield>
    <datafield tag="752" ind1=" " ind2=" ">
      <subfield code="a">France</subfield>
      <subfield code="d">Strasbourg,</subfield>
      <subfield code="e">publication place,</subfield>
      <subfield code="e">attributed name.</subfield>
      <subfield code="4">pup</subfield>
      <subfield code="4">att</subfield>
    </datafield>
    <datafield tag="752" ind1=" " ind2=" ">
      <subfield code="a">Netherlands</subfield>
      <subfield code="d">Leiden,</subfield>
      <subfield code="e">publication place.</subfield>
      <subfield code="4">pup</subfield>
    </datafield>
    <datafield tag="758" ind1=" " ind2=" ">
      <subfield code="i">has work:</subfield>
      <subfield code="a">L'Antiespagnol Oder Ausführliche Erklerunge/ Wie der König auss Spanien sich vnter dem vermumpten Schein der Religion/ ohn allen rechtmessigen Tittel/ ein Protector vber das gewaltige Frantzösische Königreich nennet: Jn welchem Jme die Laruen recht abgezogen ... werden (Text)</subfield>
      <subfield code="1">https://id.oclc.org/worldcat/entity/E39PCFRH4CC7GvW4mXjWHGV6cd</subfield>
      <subfield code="4">https://id.oclc.org/worldcat/ontology/hasWork</subfield>
    </datafield>
    <datafield tag="776" ind1="0" ind2="8">
      <subfield code="i">Online version:</subfield>
      <subfield code="a">Arnauld, Antoine, 1560-1619.</subfield>
      <subfield code="t">Antihispanus, das ist Widerlegung spanischer unart angemasster der Kron Franckreich unzeitigen Beherrschung</subfield>
      <subfield code="w">(OCoLC)1263230149</subfield>
    </datafield>
  </record>